000 00889nam a22002777a 4500
003 CHAP
005 20220329135817.0
008 971013s1974 r 00010 d
010 _a42603
011 _a43575
035 _a47711
040 _cCHAP
090 _aFolleto 7177
110 _aMéxico. Dirección General de Sanidad Vegetal
_977045
245 _aLey de sanidad fitopecuaria de los Estados Unidos Mexicanos
260 _a(México, D.F.) :
_bLa Dirección,
_c(1974)
300 _a29 p
590 _aBATCH-UPD
_b10
_c20130110
_lUCH01
_h0108
590 _aCONVERSION
_b10
_c20130109
_lUCH01
_h1323
650 1 4 _aSanidad vegetal
_xLeyes.
_9102230
901 _aBK
942 _cFOLL
949 _aFolleto 7177
_bBC
_cFOLL
_d-108324
_eTS1
_i47711
_si
949 _aFolleto 7177
_bBC
_cFOLL
_d-108325
_eTS2
_fc.2
_i47711
_si
949 _aFolleto 7177
_bBC
_cFOLL
_d-108326
_eTS2
_fc.3
_i47711
_si
999 _c42603
_d42603